All Marvel and DC Comics Based Films (Disney, Sony, Fox, Warner etc.) - Statistics

General Stats
  • This quiz has been taken 534 times
    447 since last reset
  • The average score is 57 of 94
Answer Stats
Year of Original Release Comic Company Film Company Filmed Years Film % Correct
1989 DC Warner Bros. 1988-1989 Batman
94%
1995 DC Warner Bros. 1994-1995 Batman Forever
94%
2022 DC Warner Bros. 2019-2021 The Batman
94%
1978 DC Warner Bros. 1976-1977 Superman
93%
2002 Marvel Sony 1999-2000 Spider-Man
90%
2012 Marvel Sony 2011-2012 The Amazing Spider-Man
90%
2008 Marvel Paramount 2006-2007 Iron Man
87%
2012 Marvel Paramount 2011 The Avengers
85%
2011 Marvel Paramount 2010-2011 Captain America: The First Avenger
82%
2000 Marvel 20th Century Fox 1998-2000 X-Men
81%
2011 Marvel Paramount 2009-2010 Thor
80%
2003 Marvel Universal 2001-2002 Hulk
79%
2008 Marvel Universal 2007-2008 The Incredible Hulk
79%
2010 Marvel Paramount 2009-2010 Iron Man 2
77%
2013 Marvel Paramount 2012-2013 Iron Man 3
77%
2017 DC Warner Bros. 2015-2017 Wonder Woman
77%
2004 Marvel Sony 2003-2004 Spider-Man 2
76%
2007 Marvel Sony 2006-2007 Spider-Man 3
75%
2008 DC Warner Bros. 2005-2008 The Dark Knight
75%
2019 Marvel Disney 2017-2018 Avengers: Endgame
73%
2017 Marvel Sony 2016-2017 Spider-Man: Homecoming
72%
2018 Marvel Disney 2016-2017 Black Panther
71%
2016 Marvel Disney 2014-2015 Captain America: Civil War
71%
2014 Marvel Disney 2013-2014 Guardians of the Galaxy
71%
2016 Marvel Disney 2014-2016 Doctor Strange
70%
2019 Marvel Sony 2017-2018 Spider-Man: Far From Home
70%
2015 Marvel Disney 2013-2015 Avengers: Age of Ultron
69%
2018 Marvel Disney 2017-2018 Avengers: Infinity War
69%
2017 DC Warner Bros. 2015-2017 Justice League
69%
2021 Marvel Sony 2020-2021 Spider-Man: No Way Home
69%
2015 Marvel Disney 2014-2015 Ant-Man
68%
2021 Marvel Disney 2018-2019 Black Widow
68%
2019 Marvel Disney 2016-2018 Captain Marvel
68%
2005 DC Warner Bros. 2003-2005 Batman Begins
67%
2016 Marvel 20th Century Fox 2015 Deadpool
67%
2018 DC Warner Bros. 2017-2018 Aquaman
66%
2017 Marvel Disney 2015-2017 Thor: Ragnarok
66%
2013 Marvel Disney 2012-2013 Thor: The Dark World
66%
1997 DC Warner Bros. 1996-1997 Batman and Robin
65%
2013 DC Warner Bros. 2012-2013 Man of Steel
65%
2012 DC Warner Bros. 2010-2012 The Dark Knight Rises
64%
2018 Marvel Disney 2017-2018 Ant-Man and the Wasp
63%
2005 Marvel 20th Century Fox 2003-2004 Fantastic Four
63%
2015 Marvel 20th Century Fox 2014 Fantastic Four
63%
2018 Marvel Sony 2017-2018 Venom
63%
2014 Marvel Disney 2012-2014 Captain America: The Winter Soldier
62%
1998 Marvel New Line Cinema 1997-1998 Blade
61%
2018 Marvel 20th Century Fox 2017 Deadpool 2
61%
2013 Marvel 20th Century Fox 2012 The Wolverine
61%
2017 Marvel 20th Century Fox 2015-2016 Logan
60%
2014 Marvel Sony 2013-2014 The Amazing Spider-Man 2
60%
2003 Marvel 20th Century Fox 2002-2003 Daredevil
59%
2021 Marvel Disney 2019-2021 Eternals
58%
2011 DC Warner Bros. 2010-2011 Green Lantern
58%
2021 DC Warner Bros. 2018-2020 The Suicide Squad
58%
2014 Marvel 20th Century Fox 2012-2014 X-Men: Days of Future Past
58%
2016 DC Warner Bros. 2015 Suicide Squad
57%
2016 Marvel 20th Century Fox 2015 X-Men: Apocalypse
57%
2011 Marvel 20th Century Fox 2010-2011 X-Men: First Class
56%
1992 DC Warner Bros. 1990-1992 Batman Returns
55%
2017 Marvel Disney 2015-2016 Guardians of the Galaxy Vol. 2
55%
1980 DC Warner Bros. 1976-1978 Superman II
55%
1983 DC Warner Bros. 1981-1982 Superman III
54%
2019 DC Warner Bros. 2017-2019 Joker
53%
2020 DC Warner Bros. 2017-2019 Wonder Woman 1984
53%
2006 DC Warner Bros. 2004-2006 Superman Returns
52%
2019 DC Warner Bros. 2017-2018 Shazam!
51%
2019 Marvel 20th Century Fox 2018 X-Men: Dark Phoenix
51%
2007 Marvel Sony 2006 Ghostrider
50%
2022 Marvel Sony 2018-2021 Morbius
50%
2021 Marvel Sony 2020-2021 Venom: Let There Be Carnage
50%
2009 Marvel 20th Century Fox 2008 X-Men Origins: Wolverine
50%
2006 Marvel 20th Century Fox 2004-2006 X-Men: The Last Stand
49%
2005 Marvel 20th Century Fox 2004-2005 Elektra
48%
2004 Marvel New Line Cinema 2002-2003 Blade: Trinity
47%
1986 Marvel Lucasfilm 1985 Howard the Duck
46%
2007 Marvel 20th Century Fox 2006 Fantastic Four: Rise of the Silver Surfer
45%
2020 DC Warner Bros. 2018-2019 Birds of Prey
43%
2021 Marvel Disney 2019-2021 Shang-Chi and the Legend of the Ten Rings
43%
2004 Marvel Lionsgate 2003 The Punisher
43%
2016 DC Warner Bros. 2014-2015 Batman V. Superman: Dawn of Justice
42%
2002 Marvel New Line Cinema 2001-2002 Blade II
42%
1984 DC Warner Bros. 1982-1983 Supergirl
42%
2020 Marvel 20th Century Fox 2015-2017 The New Mutants
41%
2004 DC Warner Bros. 2004 Catwoman
39%
2009 DC Warner Bros. 2008-2009 Watchmen
34%
2011 Marvel Sony 2010-2011 Ghostrider: Spirit of Vengeance
31%
1997 DC Warner Bros. 1997 Steel
30%
2003 Marvel 20th Century Fox 2001-2002 X-2: X-Men United
30%
2008 Marvel Lionsgate 2008 Punisher: War Zone
29%
2005 DC Warner Bros. 2004 Constantine
27%
2010 DC Warner Bros. 2008-2009 Jonah Hex
24%
1987 DC Cannon 1986 Superman IV: Quest For Peace
16%
2010 DC Warner Bros. 2009 RED
10%
No matching quizzes found
Score Distribution
Percent of People with Each Score
Percentile by Number Answered
Your Score History
You have not taken this quiz since the last reset